[Event "2. Bundesliga West 2016/17"]
[Site "Kufstein"]
[Date "2017.01.21"]
[Round "7"]
[Board "4"]
[White "Fuchs, Georg"]
[Black "Novkovic, Julia"]
[Result "0-1"]
[WhiteElo "2215"]
[BlackElo "2135"]
[PlyCount "68"]
[EventDate "2016.10.28"]
[EventType "team"]
[EventRounds "11"]
[EventCountry "AUT"]
[WhiteTeam "Jenbach 2"]
[BlackTeam "Dornbirn"]

1. e4 e5 2. Nf3 Nc6 3. d4 exd4 4. Nxd4 Nf6 5. Nxc6 bxc6 6. e5 Qe7 7. Qe2 Nd5 8.
c4 Nb6 9. Nc3 a5 10. Qe4 Ba6 11. Be3 Qb4 12. O-O-O Nxc4 13. Bxc4 Qxc4 14. Rd4
Qe6 15. Rhd1 Bb4 16. Rxd7 O-O 17. R7d2 Bc4 18. Kb1 Rfb8 19. Ka1 a4 20. Rc2 Bb3
21. f4 Bxc3 22. bxc3 Bxc2 23. Qxc2 a3 24. Qd3 Qc8 25. f5 Rb5 26. c4 Rxe5 27. g4
Qe8 28. Bf4 Re1 29. Bxc7 Rxd1+ 30. Qxd1 Qe7 31. Bb6 c5 32. Kb1 Qe4+ 33. Qc2
Qe1+ 34. Qc1 Qb4+ 0-1

[Event "2. Bundesliga West 2016/17"]
[Site "Kufstein"]
[Date "2017.01.21"]
[Round "7"]
[Board "5"]
[White "Gsteu, Peter"]
[Black "Gruber, Michael"]
[Result "1/2-1/2"]
[WhiteElo "2061"]
[BlackElo "2169"]
[PlyCount "123"]
[EventDate "2016.10.28"]
[EventType "team"]
[EventRounds "11"]
[EventCountry "AUT"]
[WhiteTeam "Dornbirn"]
[BlackTeam "Jenbach 2"]

1. d4 f5 2. Nf3 Nf6 3. Bf4 g6 4. e3 Bg7 5. Bc4 e6 6. Bb3 O-O 7. h3 d6 8. c4 Qe7
9. O-O Nc6 10. Bh2 Ne4 11. Nbd2 Nxd2 12. Nxd2 Kh8 13. a3 e5 14. d5 Nd8 15. e4
Nf7 16. Kh1 Qh4 17. f3 Bh6 18. Bc2 Bd7 19. Qe2 Bf4 20. b4 Bxh2 21. Kxh2 Nh6 22.
c5 fxe4 23. Bxe4 Nf5 24. Bxf5 gxf5 25. Qf2 Qg5 26. f4 Qf6 27. Rfe1 e4 28. Nc4
Rg8 29. Rac1 Rg7 30. Qd2 Rag8 31. Ne3 Bb5 32. Qf2 Qd4 33. Red1 Rxg2+ 34. Qxg2
Rxg2+ 35. Nxg2 Qf6 36. Re1 Bd3 37. Kg3 Kg7 38. Ne3 Kf7 39. cxd6 Qxd6 40. Rc3 c6
41. dxc6 bxc6 42. Rc5 Qd4 43. Rxf5+ Ke6 44. Re5+ Kd7 45. Rc5 Qb2 46. Ng4 Qxa3
47. Ne5+ Ke8 48. Re3 Qa1 49. Ng4 Qd4 50. Kh4 Qxb4 51. Rxc6 Qd4 52. f5 a5 53.
Re1 Qb2 54. Rec1 e3 55. Re6+ Kd8 56. Rcc6 Bxf5 57. Rxe3 Bxg4 58. hxg4 Qf2+ 59.
Rg3 Qh2+ 60. Rh3 Qe2 61. Rcc3 Qe1+ 62. Rhg3 1/2-1/2

[Event "2. Bundesliga West 2016/17"]
[Site "Kufstein"]
[Date "2017.01.21"]
[Round "7"]
[Board "6"]
[White "Binder, Moriz"]
[Black "Busch, Michael"]
[Result "1-0"]
[WhiteElo "2186"]
[BlackElo "1960"]
[PlyCount "101"]
[EventDate "2016.10.28"]
[EventType "team"]
[EventRounds "11"]
[EventCountry "AUT"]
[WhiteTeam "Jenbach 2"]
[BlackTeam "Dornbirn"]

1. d4 d5 2. c4 e6 3. Nc3 Nf6 4. cxd5 exd5 5. Bg5 c6 6. e3 Bd6 7. Bd3 O-O 8.
Nge2 Re8 9. Qc2 h6 10. Bh4 Nbd7 11. h3 Nf8 12. g4 Ne6 13. O-O-O Bd7 14. Kb1 Rc8
15. f4 b5 16. f5 Ng5 17. Bxg5 hxg5 18. e4 dxe4 19. Nxe4 Nxe4 20. Bxe4 Qe7 21.
Bf3 c5 22. dxc5 Bxc5 23. Qb3 b4 24. Ng3 Bb5 25. Ne4 a5 26. a4 Bc6 27. Rhe1
Bxe4+ 28. Bxe4 Qf6 29. Bd5 Bb6 30. Bc4 Red8 31. Rc1 Rc7 32. Re2 Bd4 33. Rce1
Kh7 34. Bb5 Rdc8 35. Qd3 Qb6 36. Re4 Bf2 37. Rd1 Qc5 38. Rc4 Qe3 39. Qd5 Bg3
40. Rxc7 Rxc7 41. f6 gxf6 42. Qf5+ Kg7 43. Bd3 Bf4 44. Bc2 Qe8 45. Qh7+ Kf8 46.
h4 gxh4 47. g5 Rxc2 48. Qh8+ Ke7 49. Qxf6+ Kf8 50. Qh8+ Ke7 51. Re1+ 1-0

[Event "2. Bundesliga West 2016/17"]
[Site "Kufstein"]
[Date "2017.01.21"]
[Round "7"]
[Board "1"]
[White "Baldauf, Marco"]
[Black "Matt, Stefan"]
[Result "0-1"]
[WhiteElo "2431"]
[BlackElo "2122"]
[PlyCount "116"]
[EventDate "2016.10.28"]
[EventType "team"]
[EventRounds "11"]
[EventCountry "AUT"]
[WhiteTeam "Hohenems II"]
[BlackTeam "Pradl"]

1. d4 Nf6 2. c4 g6 3. Nc3 d5 4. Nf3 Bg7 5. h4 O-O 6. h5 Nxh5 7. cxd5 c5 8. dxc5
Na6 9. Be3 Qa5 10. Rc1 Nxc5 11. Rh4 Na6 12. Bd4 Nf6 13. Qd2 Rd8 14. e4 h5 15.
Bc4 Nc7 16. Kf1 Bg4 17. Ne5 e6 18. Nxg4 Nxg4 19. Bxg7 Kxg7 20. Qd4+ e5 21. Qd2
Ne6 22. Be2 Nf4 23. Bxg4 hxg4 24. g3 Qa6+ 25. Kg1 Qd3 26. Rd1 Qf3 27. gxf4 Rh8
28. Qe3 Rxh4 29. Qxf3 gxf3 30. Rd3 Rxf4 31. Kf1 Rh8 32. Ke1 f5 33. Kd2 Rd8 34.
Ke3 Kf7 35. Rd1 a6 36. Rh1 Kg7 37. Rg1 b5 38. a3 Kf6 39. Rh1 a5 40. b4 axb4 41.
axb4 Rc8 42. Kd3 Rc4 43. Ra1 fxe4+ 44. Kd2 Rxb4 45. Ra6+ Kg5 46. Re6 Rd4+ 47.
Kc2 b4 48. Rxe5+ Kf6 49. Re6+ Kf7 50. Nd1 Rxd5 51. Rb6 Rf6 52. Rb7+ Ke8 53.
Rxb4 Rc6+ 54. Nc3 Re5 55. Kd2 Rd6+ 56. Ke1 e3 57. Ne4 Rde6 58. Ng3 e2 0-1

[Event "2. Bundesliga West 2016/17"]
[Site "Kufstein"]
[Date "2017.01.21"]
[Round "7"]
[Board "2"]
[White "Meier, Alexander"]
[Black "Burschowsky, Matthias"]
[Result "1-0"]
[WhiteElo "2163"]
[BlackElo "2195"]
[PlyCount "79"]
[EventDate "2016.10.28"]
[EventType "team"]
[EventRounds "11"]
[EventCountry "AUT"]
[WhiteTeam "Pradl"]
[BlackTeam "Hohenems II"]

1. e4 c5 2. Nc3 Nc6 3. f4 g6 4. Nf3 Bg7 5. Bb5 Nd4 6. O-O Nxb5 7. Nxb5 Nf6 8.
e5 Nd5 9. d4 Nc7 10. Nxc7+ Qxc7 11. f5 d6 12. f6 exf6 13. exf6 Bxf6 14. Re1+
Kd8 15. dxc5 Qxc5+ 16. Be3 Qc7 17. Bf4 Bd7 18. Bxd6 Qb6+ 19. Kh1 Re8 20. Rxe8+
Kxe8 21. c4 Be6 22. c5 Qa6 23. Nd4 Bd5 24. a4 Qc4 25. Nb5 Rc8 26. Rc1 Qe4 27.
Qf1 Kd7 28. Re1 Qg4 29. Bg3 Be7 30. Qd3 Qc4 31. Qd2 Bxc5 32. Nc3 Kc6 33. Qg5
Re8 34. Rd1 Bd4 35. Nb5 Bxg2+ 36. Kxg2 Qe2+ 37. Kh3 Qxd1 38. Nxd4+ Kd7 39. Qd5+
Kc8 40. Qc5+ 1-0

[Event "2. Bundesliga West 2016/17"]
[Site "Kufstein"]
[Date "2017.01.21"]
[Round "7"]
[Board "3"]
[White "Atlas, Dmitry"]
[Black "Praxmarer, Christian"]
[Result "1-0"]
[WhiteElo "2218"]
[BlackElo "1956"]
[PlyCount "69"]
[EventDate "2016.10.28"]
[EventType "team"]
[EventRounds "11"]
[EventCountry "AUT"]
[WhiteTeam "Hohenems II"]
[BlackTeam "Pradl"]

1. e4 e6 2. d4 d5 3. e5 c5 4. c3 Nc6 5. Nf3 Bd7 6. Be2 Nge7 7. Na3 cxd4 8. cxd4
Nf5 9. Nc2 Qb6 10. O-O Na5 11. g4 Ne7 12. Nfe1 Bb5 13. f4 Bxe2 14. Qxe2 h5 15.
h3 hxg4 16. hxg4 Nac6 17. Nf3 Ng6 18. f5 Nh4 19. fxe6 O-O-O 20. Bg5 Nxf3+ 21.
Qxf3 Nxd4 22. Nxd4 Qxd4+ 23. Be3 Qxb2 24. Rac1+ Kb8 25. Rf2 Qb5 26. exf7 Be7
27. e6 g5 28. Bd4 Rh4 29. Be5+ Ka8 30. f8=Q Bxf8 31. Qxf8 Rxg4+ 32. Kh2 Rh4+
33. Kg2 Rg4+ 34. Bg3 Rxg3+ 35. Kxg3 1-0

[Event "2. Bundesliga West 2016/17"]
[Site "Kufstein"]
[Date "2017.01.21"]
[Round "7"]
[Board "4"]
[White "Mitterwald, Johannes"]
[Black "Kranzl, Julian"]
[Result "0-1"]
[WhiteElo "2105"]
[BlackElo "2120"]
[PlyCount "106"]
[EventDate "2016.10.28"]
[EventType "team"]
[EventRounds "11"]
[EventCountry "AUT"]
[WhiteTeam "Pradl"]
[BlackTeam "Hohenems II"]

1. e4 c5 2. Nf3 d6 3. d4 cxd4 4. Nxd4 Nf6 5. Nc3 a6 6. Bg5 Nbd7 7. Qe2 h6 8.
Bh4 Qc7 9. f4 g6 10. Bxf6 Nxf6 11. e5 Bg4 12. Qe3 dxe5 13. fxe5 Nd7 14. e6 Bxe6
15. Nxe6 fxe6 16. Qxe6 Qe5+ 17. Qxe5 Nxe5 18. O-O-O Bg7 19. Be2 O-O 20. Rhf1
Rxf1 21. Rxf1 Rd8 22. h3 Rd4 23. Rd1 Rxd1+ 24. Kxd1 Nc6 25. Bc4+ Kf8 26. Bd5
Bxc3 27. bxc3 Kg7 28. Ke2 Kf6 29. Ke3 Ke5 30. Be4 g5 31. Bf3 Nd8 32. Kd3 b6 33.
Kc4 Kd6 34. Kd4 e6 35. Be2 a5 36. Bf3 Nc6+ 37. Ke4 Ne5 38. Be2 Nd7 39. Kd4 Nc5
40. Bf3 Nd7 41. Be4 Nf6 42. Bf3 e5+ 43. Kc4 e4 44. Be2 Ke5 45. a3 Nd5 46. g3 a4
47. Bh5 Ne3+ 48. Kb5 Nf5 49. Kxa4 Nxg3 50. Bd1 e3 51. Kb5 e2 52. Bxe2 Nxe2 53.
c4 h5 0-1

[Event "2. Bundesliga West 2016/17"]
[Site "Kufstein"]
[Date "2017.01.21"]
[Round "7"]
[Board "5"]
[White "Heinrici, Simon"]
[Black "Nussbaumer, Leon"]
[Result "0-1"]
[WhiteElo "2099"]
[BlackElo "1964"]
[PlyCount "110"]
[EventDate "2016.10.28"]
[EventType "team"]
[EventRounds "11"]
[EventCountry "AUT"]
[WhiteTeam "Hohenems II"]
[BlackTeam "Pradl"]

1. e4 c5 2. Nf3 e6 3. c4 Nc6 4. Nc3 Nf6 5. Be2 d5 6. exd5 exd5 7. d4 dxc4 8.
dxc5 Qxd1+ 9. Nxd1 Nb4 10. Ne3 Bxc5 11. Bd2 Ne4 12. Bxc4 Bxe3 13. Bb5+ Bd7 14.
Bxd7+ Kxd7 15. Bxb4 Nxf2 16. Rf1 Nd3+ 17. Ke2 Nxb4 18. Rad1+ Kc7 19. Kxe3 Rhe8+
20. Kd4 Nc2+ 21. Kd3 Ne3 22. Rc1+ Kb6 23. Rf2 Rad8+ 24. Nd4 Ng4 25. Rf4 f5 26.
Rc3 g5 27. Rb3+ Kc7 28. Rxf5 Re3+ 29. Kc2 Rxd4 30. Rf7+ Rd7 31. Rxb7+ Kxb7 32.
Rxd7+ Kb6 33. Rxh7 Re2+ 34. Kc3 Rxg2 35. h3 Rh2 36. Rh5 Nf2 37. Kc4 Nxh3 38.
Rh6+ Kc7 39. b4 g4 40. Rh7+ Kd6 41. Rg7 Rg2 42. Rxa7 g3 43. Rg7 Rg1 44. Kb5 g2
45. Rg4 Nf4 46. Rxf4 Rf1 47. Rg4 g1=Q 48. Rxg1 Rxg1 49. a4 Kc7 50. Kc5 Rg5+ 51.
Kc4 Kc6 52. Kb3 Rg3+ 53. Kc4 Ra3 54. a5 Ra4 55. a6 Kb6 0-1

[Event "2. Bundesliga West 2016/17"]
[Site "Kufstein"]
[Date "2017.01.21"]
[Round "7"]
[Board "6"]
[White "Sovago, Philipp"]
[Black "Uhlmann, David"]
[Result "0-1"]
[WhiteElo "1937"]
[BlackElo "2066"]
[PlyCount "54"]
[EventDate "2016.10.28"]
[EventType "team"]
[EventRounds "11"]
[EventCountry "AUT"]
[WhiteTeam "Pradl"]
[BlackTeam "Hohenems II"]

1. d4 Nf6 2. c4 c5 3. Nf3 cxd4 4. Nxd4 Nc6 5. Nc3 g6 6. g3 d6 7. Bg2 Bd7 8. O-O
Bg7 9. Nc2 O-O 10. Ne3 Rc8 11. Qd2 Ng4 12. Ned5 Nce5 13. b3 b5 14. f4 b4 15.
Nxe7+ Qxe7 16. Nd5 Qd8 17. fxe5 Be6 18. Bb2 Bh6 19. Qd3 Bxd5 20. Bxd5 Qb6+ 21.
Bd4 Be3+ 22. Bxe3 Nxe3 23. Kh1 Nxf1 24. Rxf1 dxe5 25. Bxf7+ Kg7 26. Qd5 Qc7 27.
Qe6 Rxf7 0-1

[Event "2. Bundesliga West 2016/17"]
[Site "Kufstein"]
[Date "2017.01.21"]
[Round "7"]
[Board "1"]
[White "Dobosz, Henryk"]
[Black "Bromberger, Stefan"]
[Result "1/2-1/2"]
[WhiteElo "2390"]
[BlackElo "2535"]
[PlyCount "60"]
[EventDate "2016.10.28"]
[EventType "team"]
[EventRounds "11"]
[EventCountry "AUT"]
[WhiteTeam "Bregenz 2"]
[BlackTeam "SIR Bernhard 1"]

1. Nf3 d5 2. d4 Nf6 3. c4 dxc4 4. e3 Bg4 5. Bxc4 e6 6. Qb3 Bxf3 7. gxf3 c5 8.
Qxb7 Nbd7 9. dxc5 Bxc5 10. f4 O-O 11. Nc3 Nb6 12. Be2 Nfd5 13. Bd2 Qh4 14. O-O
Rab8 15. Qa6 Rfd8 16. Rad1 Nxc3 17. Bxc3 Nd5 18. Be5 Rb6 19. Qa5 Bd6 20. Qxa7
Bxe5 21. Rxd5 Rxb2 22. Rxd8+ Qxd8 23. Rd1 Bd6 24. Qd4 Rxe2 25. Kf1 Rxa2 26.
Qxd6 Qxd6 27. Rxd6 g6 28. Kg2 Kg7 29. Rd7 h6 30. Rb7 Ra5 1/2-1/2

[Event "2. Bundesliga West 2016/17"]
[Site "Kufstein"]
[Date "2017.01.21"]
[Round "7"]
[Board "2"]
[White "Mons, Leon"]
[Black "Bezler, Rainer"]
[Result "1-0"]
[WhiteElo "2461"]
[BlackElo "2234"]
[PlyCount "45"]
[EventDate "2016.10.28"]
[EventType "team"]
[EventRounds "11"]
[EventCountry "AUT"]
[WhiteTeam "SIR Bernhard 1"]
[BlackTeam "Bregenz 2"]

1. c4 e6 2. g3 d5 3. Bg2 Nf6 4. Nf3 c5 5. O-O Nc6 6. cxd5 Nxd5 7. d4 Nf6 8.
dxc5 Qxd1 9. Rxd1 Bxc5 10. b3 Bd7 11. Bb2 Rd8 12. Nbd2 O-O 13. Rac1 Be7 14. Nc4
Bc8 15. Nfe5 Nxe5 16. Bxe5 b6 17. Bb8 Bb7 18. Rxd8 Rxd8 19. Bc7 Rc8 20. Nxb6
axb6 21. Bxb7 Re8 22. a4 h6 23. Bxb6 1-0

[Event "2. Bundesliga West 2016/17"]
[Site "Kufstein"]
[Date "2017.01.21"]
[Round "7"]
[Board "3"]
[White "Barthelmann, Benno"]
[Black "Prusikin, Michael"]
[Result "0-1"]
[WhiteElo "2097"]
[BlackElo "2530"]
[PlyCount "70"]
[EventDate "2016.10.28"]
[EventType "team"]
[EventRounds "11"]
[EventCountry "AUT"]
[WhiteTeam "Bregenz 2"]
[BlackTeam "SIR Bernhard 1"]

1. c4 e5 2. Nc3 Nc6 3. g3 Bc5 4. Bg2 a6 5. Nf3 d6 6. O-O Nge7 7. e3 O-O 8. d4
exd4 9. exd4 Ba7 10. d5 Nb8 11. Nd4 Nf5 12. Nxf5 Bxf5 13. Be3 Bxe3 14. fxe3 Bg6
15. e4 Nd7 16. Qd4 Re8 17. b4 Qe7 18. Rab1 b6 19. Rf4 Ne5 20. Rd1 Bh5 21. Rdf1
Bg4 22. Nd1 Be2 23. R1f2 Bxc4 24. a4 b5 25. Ne3 f6 26. Bh3 Nd3 27. Be6+ Kh8 28.
Nf5 Qf8 29. Rg4 Nxf2 30. Rxg7 Nh3+ 31. Kg2 Rxe6 32. Kxh3 Re5 33. Rxc7 Bf1+ 34.
Kh4 Rxf5 35. exf5 Qh6+ 0-1

[Event "2. Bundesliga West 2016/17"]
[Site "Kufstein"]
[Date "2017.01.21"]
[Round "7"]
[Board "4"]
[White "Seyb, Alexander"]
[Black "Amann, Harald"]
[Result "1-0"]
[WhiteElo "2411"]
[BlackElo "2049"]
[PlyCount "63"]
[EventDate "2016.10.28"]
[EventType "team"]
[EventRounds "11"]
[EventCountry "AUT"]
[WhiteTeam "SIR Bernhard 1"]
[BlackTeam "Bregenz 2"]

1. e4 c5 2. Nf3 Nc6 3. d4 cxd4 4. Nxd4 Nf6 5. Nc3 g6 6. Be3 Bg7 7. Bc4 O-O 8.
Bb3 d6 9. f3 Bd7 10. Qd2 Re8 11. h4 Qa5 12. O-O-O Rac8 13. h5 Nxh5 14. Nde2 Ne5
15. Bh6 Bf6 16. Kb1 Rc5 17. Be3 Bb5 18. Bxc5 Bxe2 19. Nxe2 Qxc5 20. g4 Nxf3 21.
Qd3 Ne5 22. Qh3 Nxg4 23. Qxg4 Ng7 24. Nf4 Qe5 25. Nd3 Qb5 26. e5 dxe5 27. Ba4
Qb6 28. Bxe8 Nxe8 29. Qb4 Qe6 30. Qxb7 Nd6 31. Qa8+ Kg7 32. Rxh7+ 1-0

[Event "2. Bundesliga West 2016/17"]
[Site "Kufstein"]
[Date "2017.01.21"]
[Round "7"]
[Board "5"]
[White "Oswald, Albert"]
[Black "Tischbierek, Raj"]
[Result "0-1"]
[WhiteElo "1920"]
[BlackElo "2454"]
[PlyCount "108"]
[EventDate "2016.10.28"]
[EventType "team"]
[EventRounds "11"]
[EventCountry "AUT"]
[WhiteTeam "Bregenz 2"]
[BlackTeam "SIR Bernhard 1"]

1. d4 d6 2. c4 e5 3. e4 exd4 4. Qxd4 Nc6 5. Qd1 g6 6. Nc3 Bg7 7. g3 Be6 8. Nd5
Nge7 9. Bg2 O-O 10. Rb1 Ne5 11. b3 b5 12. Nf3 Nxf3+ 13. Qxf3 bxc4 14. bxc4 c6
15. Nxe7+ Qxe7 16. Qd3 Rab8 17. Rb3 c5 18. Bd2 Qf6 19. O-O Qd4 20. Qxd4 Bxd4
21. Rfb1 Rxb3 22. axb3 Rb8 23. Bf1 f5 24. Bd3 fxe4 25. Bxe4 Kf7 26. Kf1 Rb6 27.
Ke2 Ra6 28. Be3 Ra2+ 29. Kd3 Bxe3 30. Kxe3 a5 31. h4 Kf6 32. h5 Ra3 33. Kd2 Bf7
34. hxg6 hxg6 35. f3 g5 36. Kc2 Ra2+ 37. Rb2 Ra1 38. Rb1 Rxb1 39. Kxb1 Ke5 40.
Kc2 Kd4 41. Bc6 Ke3 42. Kb2 Bh5 43. g4 Bg6 44. Ka3 Bc2 45. Ka4 Bd1 46. Kxa5
Bxf3 47. Kb6 Bxg4 48. Kc7 Bf3 49. Bxf3 Kxf3 50. Kxd6 g4 51. Kxc5 g3 52. Kd6 g2
53. c5 g1=Q 54. c6 Qd4+ 0-1

[Event "2. Bundesliga West 2016/17"]
[Site "Kufstein"]
[Date "2017.01.21"]
[Round "7"]
[Board "6"]
[White "Pitl, Gregory"]
[Black "Dorner, Guenther"]
[Result "1-0"]
[WhiteElo "2397"]
[BlackElo "1917"]
[PlyCount "59"]
[EventDate "2016.10.28"]
[EventType "team"]
[EventRounds "11"]
[EventCountry "AUT"]
[WhiteTeam "SIR Bernhard 1"]
[BlackTeam "Bregenz 2"]

1. e4 c5 2. Nf3 d6 3. d4 cxd4 4. Nxd4 Nf6 5. Nc3 a6 6. h3 b5 7. g4 Bb7 8. Bg2
e6 9. g5 b4 10. gxf6 bxc3 11. fxg7 Bxg7 12. O-O Nd7 13. b4 Qh4 14. Re1 Bxd4 15.
Qxd4 Rg8 16. Re3 Ke7 17. Ba3 Rxg2+ 18. Kxg2 Rg8+ 19. Kf1 Bc6 20. Rd1 Bb5+ 21.
Rdd3 Qf4 22. Qxc3 Ne5 23. Qc7+ Kf6 24. Bb2 Bxd3+ 25. cxd3 Rg5 26. Qxd6 Kg6 27.
Bxe5 Rxe5 28. Rg3+ Kh5 29. Qe7 h6 30. Rg4 1-0

[Event "2. Bundesliga West 2016/17"]
[Site "Kufstein"]
[Date "2017.01.21"]
[Round "7"]
[Board "1"]
[White "Gretz, Denis"]
[Black "Frank, Emanuel"]
[Result "1/2-1/2"]
[WhiteElo "2339"]
[BlackElo "2189"]
[PlyCount "38"]
[EventDate "2016.10.28"]
[EventType "team"]
[EventRounds "11"]
[EventCountry "AUT"]
[WhiteTeam "Goetzis 2"]
[BlackTeam "ASK Salzburg"]

1. e4 e5 2. Nf3 Nc6 3. Bb5 a6 4. Bxc6 dxc6 5. O-O f6 6. d4 Bg4 7. c3 Bd6 8. Be3
Ne7 9. Nbd2 O-O 10. Qb3+ Kh8 11. Qxb7 Be6 12. dxe5 fxe5 13. c4 Rb8 14. Qxa6 Ra8
15. Qb7 Rb8 16. Qa6 Ra8 17. Qb7 Rb8 18. Qa6 Ra8 19. Qb7 Rb8 1/2-1/2

[Event "2. Bundesliga West 2016/17"]
[Site "Kufstein"]
[Date "2017.01.21"]
[Round "7"]
[Board "2"]
[White "Roth, Peter"]
[Black "De Visser, Leon"]
[Result "0-1"]
[WhiteElo "2128"]
[BlackElo "2258"]
[PlyCount "80"]
[EventDate "2016.10.28"]
[EventType "team"]
[EventRounds "11"]
[EventCountry "AUT"]
[WhiteTeam "ASK Salzburg"]
[BlackTeam "Goetzis 2"]

1. e4 c6 2. d4 d5 3. exd5 cxd5 4. Bd3 Nc6 5. c3 Qc7 6. h3 e6 7. Nf3 Bd6 8. O-O
Nge7 9. Re1 Bd7 10. b4 Ng6 11. Na3 a6 12. Nc2 Nce7 13. Bd2 Nf4 14. Bf1 Bb5 15.
a4 Bxf1 16. Rxf1 O-O 17. Ne3 Rac8 18. Re1 Nd3 19. Rf1 Nb2 20. Qb1 Nc4 21. Nxc4
Qxc4 22. Re1 Ng6 23. g3 Rfe8 24. Kg2 Nf8 25. Ne5 Bxe5 26. Rxe5 Nd7 27. Re1 Nf6
28. f3 Nd7 29. Qd1 Nb6 30. a5 Na8 31. Re3 Nc7 32. Be1 Nb5 33. g4 Qc7 34. Qd3
Qd7 35. h4 Nd6 36. Bg3 Nb5 37. Be1 Rc6 38. Rc1 Rec8 39. Re2 Rc4 40. Rec2 Qc6
 0-1

[Event "2. Bundesliga West 2016/17"]
[Site "Kufstein"]
[Date "2017.01.21"]
[Round "7"]
[Board "3"]
[White "Mittelberger, Peter"]
[Black "Juergens, Klaus"]
[Result "1/2-1/2"]
[WhiteElo "2143"]
[BlackElo "2125"]
[PlyCount "75"]
[EventDate "2016.10.28"]
[EventType "team"]
[EventRounds "11"]
[EventCountry "AUT"]
[WhiteTeam "Goetzis 2"]
[BlackTeam "ASK Salzburg"]

1. c4 Nf6 2. Nc3 g6 3. g3 Bg7 4. Bg2 O-O 5. Nf3 d6 6. O-O Nc6 7. d4 a6 8. h3
Bd7 9. Be3 Rb8 10. a3 e5 11. b4 exd4 12. Nxd4 Ne5 13. Qb3 c5 14. bxc5 dxc5 15.
Nf3 Nxf3+ 16. Bxf3 Bxh3 17. Rfd1 Qe7 18. Bf4 Rbd8 19. Rac1 Bg4 20. Rxd8 Rxd8
21. Qxb7 Qe6 22. Na4 Bxf3 23. Qxf3 Ne4 24. Kg2 Bd4 25. Be3 Bxe3 26. Qxe3 Qc6
27. f3 Qxa4 28. Qxe4 Qxa3 29. Rb1 Qa4 30. Kf2 Re8 31. Qd3 Qc6 32. Qd5 Qxd5 33.
cxd5 a5 34. Rb5 Ra8 35. Rxc5 a4 36. d6 Rd8 37. Ra5 Rxd6 38. Rxa4 1/2-1/2

[Event "2. Bundesliga West 2016/17"]
[Site "Kufstein"]
[Date "2017.01.21"]
[Round "7"]
[Board "4"]
[White "Scheiblmaier, Robert"]
[Black "Kranz, Armin"]
[Result "1/2-1/2"]
[WhiteElo "2204"]
[BlackElo "2071"]
[PlyCount "116"]
[EventDate "2016.10.28"]
[EventType "team"]
[EventRounds "11"]
[EventCountry "AUT"]
[WhiteTeam "ASK Salzburg"]
[BlackTeam "Goetzis 2"]

1. d4 Nf6 2. c4 e6 3. g3 d5 4. Bg2 Bb4+ 5. Nd2 O-O 6. Ngf3 c6 7. O-O b6 8. Qc2
Bb7 9. b3 Nbd7 10. Bb2 Be7 11. e4 Nxe4 12. Nxe4 dxe4 13. Qxe4 Nf6 14. Qe2 c5
15. Rad1 cxd4 16. Nxd4 Bxg2 17. Kxg2 Qc7 18. Qf3 Rac8 19. Nb5 Qb8 20. Rfe1 Rfd8
21. Rxd8+ Bxd8 22. Be5 Qa8 23. Qxa8 Rxa8 24. Rd1 a5 25. a4 h5 26. f3 g5 27. Rd6
g4 28. Bxf6 Bxf6 29. Rxb6 Be7 30. Rb7 Kf8 31. Rd7 Rb8 32. fxg4 hxg4 33. Kf1 Ke8
34. Ra7 Rd8 35. Ke2 Bb4 36. Nc7+ Kf8 37. Ra8 Rxa8 38. Nxa8 Bc5 39. Nc7 Ke7 40.
Nb5 f5 41. Nc3 Kd6 42. Nd1 Bd4 43. Nf2 e5 44. Nd3 Kc6 45. Kf1 Kd6 46. Ke2 Ba7
47. Kf1 e4 48. Nf4 Kc5 49. Nd5 Kd4 50. Ke2 Bc5 51. Kd2 Bf8 52. Ke2 Ba3 53. Kd2
Bd6 54. Ke2 Bf8 55. Kd2 Bh6+ 56. Ke2 Bg5 57. Nf4 Be7 58. Nd5 Bg5 1/2-1/2

[Event "2. Bundesliga West 2016/17"]
[Site "Kufstein"]
[Date "2017.01.21"]
[Round "7"]
[Board "5"]
[White "Natter, Markus"]
[Black "Loeffler, Christoph"]
[Result "0-1"]
[WhiteElo "1981"]
[BlackElo "2124"]
[PlyCount "54"]
[EventDate "2016.10.28"]
[EventType "team"]
[EventRounds "11"]
[EventCountry "AUT"]
[WhiteTeam "Goetzis 2"]
[BlackTeam "ASK Salzburg"]

1. d4 d5 2. Nf3 Nc6 3. g3 Nf6 4. Bg2 Bf5 5. h3 e6 6. c3 Bd6 7. Nbd2 Ne4 8. O-O
O-O 9. Nh4 Nxd2 10. Bxd2 Be4 11. Bxe4 dxe4 12. Qc2 f5 13. Qb3 Qe8 14. Ng2 Na5
15. Qd1 Kh8 16. b3 Nc6 17. h4 Rd8 18. Qc2 e5 19. d5 Nb8 20. c4 c5 21. Rae1 Qg6
22. e3 Nd7 23. Re2 Qg4 24. Be1 Nf6 25. Qd1 Qh3 26. f3 exf3 27. Rxf3 Ng4 0-1

[Event "2. Bundesliga West 2016/17"]
[Site "Kufstein"]
[Date "2017.01.21"]
[Round "7"]
[Board "6"]
[White "Herrmann, Michael"]
[Black "Ferk, Martin"]
[Result "1-0"]
[WhiteElo "2078"]
[BlackElo "1915"]
[PlyCount "51"]
[EventDate "2016.10.28"]
[EventType "team"]
[EventRounds "11"]
[EventCountry "AUT"]
[WhiteTeam "ASK Salzburg"]
[BlackTeam "Goetzis 2"]

1. c4 Nf6 2. Nc3 e6 3. e4 d5 4. cxd5 exd5 5. e5 Nfd7 6. d4 Bb4 7. a3 Bxc3+ 8.
bxc3 O-O 9. Bd3 Re8 10. Ne2 c5 11. O-O b6 12. f4 Ba6 13. f5 Bxd3 14. Qxd3 Nc6
15. Qg3 Kh8 16. Be3 Qe7 17. Bf2 Qf8 18. Nf4 Ne7 19. Qf3 Rad8 20. g4 cxd4 21.
cxd4 b5 22. Rfc1 a6 23. Be1 g5 24. Nh5 Rc8 25. Bb4 Nb6 26. f6 1-0

[Event "2. Bundesliga West 2016/17"]
[Site "Kufstein"]
[Date "2017.01.22"]
[Round "8"]
[Board "1"]
[White "Gretz, Denis"]
[Black "Gatterer, Florian"]
[Result "1-0"]
[WhiteElo "2339"]
[BlackElo "2281"]
[PlyCount "149"]
[EventDate "2016.10.28"]
[EventType "team"]
[EventRounds "11"]
[EventCountry "AUT"]
[WhiteTeam "Goetzis 2"]
[BlackTeam "Rochade Rum"]

1. e4 c6 2. d4 d5 3. Nd2 dxe4 4. Nxe4 Bf5 5. Ng3 Bg6 6. h4 h6 7. Nf3 Nd7 8. h5
Bh7 9. Bd3 Bxd3 10. Qxd3 e6 11. Bd2 Ngf6 12. O-O-O Be7 13. Kb1 O-O 14. Ne4 Nxe4
15. Qxe4 Nf6 16. Qe2 Qd5 17. Be3 Ng4 18. Bc1 Qb5 19. c4 Qf5+ 20. Ka1 Nf6 21.
Ne5 c5 22. f3 cxd4 23. g4 Qh7 24. Rxd4 Rad8 25. Rxd8 Rxd8 26. Re1 Bd6 27. Rd1
Be7 28. Rxd8+ Bxd8 29. b4 Bc7 30. Bb2 Bxe5 31. Bxe5 Nd7 32. Qd2 Nf8 33. Kb2 g6
34. Bc3 gxh5 35. gxh5 e5 36. Qe3 f6 37. Qxa7 Qf7 38. Qg1+ Kh8 39. Qg4 Ne6 40.
a4 Kh7 41. Qf5+ Kg7 42. a5 Nf4 43. Qc8 Nxh5 44. b5 Nf4 45. a6 bxa6 46. bxa6 h5
47. Qb7 Ne6 48. Qxf7+ Kxf7 49. a7 Nc7 50. Be1 Ke6 51. Kc3 Kd6 52. Kd3 f5 53.
Bg3 Na8 54. Ke2 h4 55. Bf2 h3 56. Kf1 f4 57. Kg1 e4 58. fxe4 Ke5 59. Kh2 Kxe4
60. Kxh3 Kd3 61. c5 Kc4 62. Kg4 Kd5 63. Kxf4 Kc6 64. Kf5 Nc7 65. Bg3 Na8 66.
Bf2 Kb7 67. Ke6 Kc6 68. Ke7 Nc7 69. Bg3 Na8 70. Bd6 Kb7 71. Kd7 Kxa7 72. Kc6
Ka6 73. Bb8 Ka5 74. Bc7+ Kb4 75. Bb6 1-0